00293nam a2200121Ia 4500008004100000100002200041245001800063260004800081300000900129650001100138942000700149999001500156190216s9999||||xx |||||||||||||| ||und|| aJohn Tyler Bonner 0aMorphogenesis bOxford And Ibh Publishing Co. Pvt Ltdc1952 a296p aBotany cBK c1097d1097